01233 2200361 4500001002100000005001500021035002000036007000300056008004100059040002200100020002200122082001400144336002100158337002300179338003800202245013100240264004100371084001600412650002500428500006900453500002600522300003100548856007500579852002000654850001200674700003300686700003000719100003200749504003300781041001300814990002200827990002200849INLIS00000000086639620211110031152 a0010-1121000477ta210708s2015 jbi g | ind d aYOPDYOGbinderda a978-602-71503-3-104223a153.8 2rdacontentateks 2rdamediaakomputer 2rdacarrierasumber sambung jaring10aLupakan berpikir positif saatnya bertindak positif /cRichard Wiseman; penerjemah; Viffah Yunastuti; penyunting, Nunung Wiyati31aTangerang Selatan :bGemilang,c2015 a153.8 WIS l 4aMotivasi (Psikologi) aUntuk mengakses buku ini silakan unduh aplikasi http://ijogja.id ajudul asli: Rip It Up a1 berkas komputer (3,2 MB)40nPerpustakaan Digital iJogjauhttp://ijogja.id/publications/books/192628 aaplikasi iJogja aYOPDYOG0 aViffah YunastutiePenerjemah0 aNunung WiyatiePenyunting1 aWiseman, RichardePengarang aBibliografi: halaman 145-1471 aindheng a001003-EPD/B.2017 a001004-EPD/B.2017